El triunfo de la Armada / (Record no. 100591)

MARC details
000 -LEADER
campo de control de longitud fija 00385nam a2200145 i 4500
001 - NÚMERO DE CONTROL
campo de control 100591
003 - IDENTIFICADOR DE NÚMERO DE CONTROL
campo de control ES-MaACL
005 - FECHA Y HORA DE LA ÚLTIMA TRANSACCIÓN
campo de control 20230906182713.0
007 - CAMPO FIJO DE DESCRIPCIÓN FÍSICA--INFORMACIÓN GENERAL
campo de control de longitud fija t|
008 - DATOS DE LONGITUD FIJA--INFORMACIÓN GENERAL
campo de control de longitud fija 050929s1915 xxk ||||1| spa d
100 1# - ENTRADA PRINCIPAL--NOMBRE DE PERSONA
Nombre de persona Masterman, Charles F. G.
9 (RLIN) 78867
245 13 - MENCIÓN DEL TÍTULO
Título El triunfo de la Armada /
Mención de responsabilidad, etc. C. F. G. Masterman.
260 ## - PUBLICACIÓN, DISTRIBUCIÓN, ETC.
Lugar de publicación, distribución, etc. London :
Nombre del editor, distribuidor, etc. [s.n.],
Fecha de publicación, distribución, etc. 1915.
852 ## - LOCALIZACIÓN
Ubicación ES-MaACL
Número de control de estantería 1579-F-19
Holdings
Estatus retirado Estado de pérdida Estado de daño No para préstamo Colección Biblioteca de origen Biblioteca actual Ubicación en estantería Fecha de adquisición Fuente de adquisición Total de préstamos Signatura topográfica completa Código de barras Visto por última vez Precio de reemplazo Tipo de ítem Koha
        Colección de folletos Biblioteca del Ateneo de Madrid Biblioteca del Ateneo de Madrid Depósito folletos 17/01/2008     1579-F-19 1105023 23/02/2023 23/02/2023 Folleto